00861nam a2200217 a 450000100100000000500170001000800410002702000150006804000250008324500660010826000720017430000210024649000530026750000260032050000210034670000340036771000600040183000600046195201050052199900170062600004162320201002035655.0131014s2006 sp 001 0 spa d a8481641944 aDO-SdBNPbspacBNPHU00aFilosofía de la cultura / :bedición de David Sobrevilla. aMadrid :bConsejo Superior de Investigaciones Científicas,c2006. a278 p. ;c24 cm.1 aEnciclopedia Iberoaméricana de Filosofíav15 aprimera reimpresión aIncluye índice1 aSobrevilla, Davideed.9684052 aConsejo Superior de Investigaciones Científicas94786 0aEnciclopedia Iberoaméricana de Filosofíav15915735 001050718MOaGRbGRcCTd2013-10-14iLF1l0o p41623-10r2020-06-25w2020-06-25y1ZNo se presta c41113d41113